WALTON, Mary (Record no. 2961)

MARC details
000 -LEADER
fixed length control field 00322nam a22001337a 4500
008 - FIXED-LENGTH DATA ELEMENTS--GENERAL INFORMATION
fixed length control field 250414b |||||||| |||| 00| 0 eng d
020 ## - INTERNATIONAL STANDARD BOOK NUMBER
ISBN 0399516859
100 ## - MAIN ENTRY--AUTHOR
Author Deming Management at Work
245 ## - TITLE STATEMENT
Title WALTON, Mary
260 ## - PUBLICATION, DISTRIBUTION, ETC. (IMPRINT)
Place of publication New York
Name of publisher Putnam Publishing
Date of publication 1990
300 ## - COLLATION
Pagination 249p.
942 ## - ADDED ENTRY ELEMENTS (KOHA)
Item type Books
050 ## - LIBRARY OF CONGRESS CALL NUMBER
Classification number HD38
Item number .W35
Holdings
Source of classification or shelving scheme Not for loan Permanent location Current location Date acquired Accession No. Full call number Barcode. Koha item type
Library of Congress Classification   Samuel Ogbemudia Main Library, University of Abuja Samuel Ogbemudia Main Library, University of Abuja 04/14/2025 2006-29738 HD38.W35 2025-1317 Books
Library of Congress Classification   Samuel Ogbemudia Main Library, University of Abuja Samuel Ogbemudia Main Library, University of Abuja 04/14/2025 2006-29738 HD38.W35 2025-1318 Books
Library of Congress Classification   Samuel Ogbemudia Main Library, University of Abuja Samuel Ogbemudia Main Library, University of Abuja 04/14/2025 2006-29738 HD38.W35 2025-1319 Books